| 000 | 00631nam a2200193Ia 4500 | ||
|---|---|---|---|
| 005 | 20250508163303.0 | ||
| 008 | 008 250505s9999 xx 000 0 eng d | ||
| 037 | _aTheses | ||
| 040 |
_aFEDL _beng _cFEDL |
||
| 041 |
_aeng _2eng |
||
| 084 |
_a370.15, SAR/TH _qFEDL |
||
| 100 |
_aSaraswat R M _9775045 |
||
| 245 | 0 | _aStudy of the attitudes of trained high school teachers of Aligarh towards their professional training and the students perception of their teachers | |
| 260 | _c1976 | ||
| 300 | _a396p. | ||
| 546 | _aPH.D Thesis (Agra University) | ||
| 942 |
_cTH _h370.15, SAR/TH |
||
| 999 |
_c1382047 _d1382047 |
||